[Event "Puhajarve rap op 23rd"]
[Site "Puhajarve"]
[Date "2023.11.25"]
[Round "18"]
[White "Shirov, Alexei"]
[Black "Agafonov, Yuri"]
[Result "1-0"]
[WhiteElo "2668"]
[BlackElo "2063"]
[PlyCount "59"]
[EventDate "2023.11.24"]
[EventType "tourn (rapid)"]
[EventRounds "33"]
[EventCountry "EST"]
[SourceTitle "CB49_2023"]
[SourceDate "2023.12.06"]
[SourceVersion "1"]
[SourceVersionDate "2023.12.06"]
[SourceQuality "1"]

1. e4 e6 2. d4 d5 3. e5 c5 4. c3 Nc6 5. Nf3 Bd7 6. Be2 Nh6 7. 0-0 Nf5 8. dxc5 Bxc5 9. Bd3 Nh4 10. Nbd2 h6 11. b4 Be7 12. Nxh4 Bxh4 13. f4 g6 14. a3 Be7 15. c4 a5 16. b5 Qb6+ 17. Kh1 Nd4 18. cxd5 exd5 19. Bb2 0-0 20. a4 Bc5 21. Nb3 Nxb3 22. Qxb3 Rad8 23. f5 Bxf5 24. Bxf5 gxf5 25. Rxf5 Bd4 26. Rf6 Bxb2 27. Rxb6 Bxa1 28. Qg3+ Kh7 29. Qf4 f5 30. Qxh6+ 1-0

[Event "Riga Tech Rapid op"]
[Site "Riga"]
[Date "2023.08.06"]
[Round "8"]
[White "Oye Stromberg, Alexander"]
[Black "Agafonov, Yuri"]
[Result "1-0"]
[WhiteElo "2292"]
[BlackElo "2049"]
[PlyCount "61"]
[EventDate "2023.08.06"]
[EventType "swiss (rapid)"]
[EventRounds "9"]
[EventCountry "LAT"]
[SourceTitle "CBM 215 Extra"]
[Source "ChessBase"]
[SourceDate "2023.09.30"]
[SourceVersion "1"]
[SourceVersionDate "2023.09.30"]
[SourceQuality "1"]

1. e4 e6 2. Nf3 d5 3. e5 c5 4. b4 cxb4 5. d4 Bd7 6. a3 Nc6 7. axb4 Bxb4+ 8. c3 Be7 9. Bd3 Nh6 10. Bxh6 gxh6 11. h4 Na5 12. g3 Rc8 13. Nfd2 b5 14. Qh5 Bf8 15. 0-0 Nc4 16. Bxc4 bxc4 17. Rxa7 Rg8 18. Nf3 Qb6 19. Rxd7 Kxd7 20. Qxf7+ Be7 21. Nbd2 Qb2 22. Rb1 Qxc3 23. Rb7+ Rc7 24. Rxc7+ Kxc7 25. Qxg8 Qa1+ 26. Kg2 c3 27. Qxe6 Ba3 28. Nb3 Qb2 29. Qxd5 c2 30. Qc4+ Kd8 31. d5 1-0

[Event "Tallin Keres Memorial Rapid 32nd"]
[Site "Tallinn"]
[Date "2023.01.07"]
[Round "2"]
[White "Grigoriants, Sergey"]
[Black "Agafonov, Yuri"]
[Result "1-0"]
[WhiteElo "2569"]
[BlackElo "2077"]
[PlyCount "71"]
[EventDate "2023.01.07"]
[EventType "swiss (rapid)"]
[EventRounds "11"]
[EventCountry "EST"]
[SourceTitle "CBM 212 Extra"]
[Source "ChessBase"]
[SourceDate "2023.03.31"]
[SourceVersion "1"]
[SourceVersionDate "2023.03.31"]
[SourceQuality "1"]

1. e4 Nf6 2. e5 Nd5 3. d4 d6 4. Nf3 g6 5. Bc4 Nb6 6. Bb3 d5 7. 0-0 Bg7 8. c3 0-0 9. Re1 a5 10. Nbd2 Bd7 11. Nf1 a4 12. Bc2 Na6 13. h4 c5 14. h5 cxd4 15. Qxd4 e6 16. Bg5 f6 17. exf6 Bxf6 18. Bxf6 Rxf6 19. hxg6 hxg6 20. Ne5 Be8 21. Ng4 Nd7 22. Nxf6+ Qxf6 23. Qxf6 Nxf6 24. Rxe6 Kf7 25. Rae1 Nc5 26. Re7+ Kf8 27. Rc7 b6 28. Nd2 a3 29. b4 Ncd7 30. Nf3 Bf7 31. Bb3 Rd8 32. Ng5 Bg8 33. Ne6+ Bxe6 34. Rxe6 g5 35. f3 Rb8 36. Rd6 1-0

[Event "Tallin Keres Memorial Rapid 32nd"]
[Site "Tallinn"]
[Date "2023.01.07"]
[Round "4"]
[White "Pultinevicius, Paulius"]
[Black "Agafonov, Yuri"]
[Result "1-0"]
[WhiteElo "2570"]
[BlackElo "2077"]
[PlyCount "51"]
[EventDate "2023.01.07"]
[EventType "swiss (rapid)"]
[EventRounds "11"]
[EventCountry "EST"]
[SourceTitle "CBM 212 Extra"]
[Source "ChessBase"]
[SourceDate "2023.03.31"]
[SourceVersion "1"]
[SourceVersionDate "2023.03.31"]
[SourceQuality "1"]

1. d4 f5 2. Bf4 Nf6 3. e3 d6 4. Nc3 g6 5. h4 c6 6. h5 Bg7 7. Bc4 Nbd7 8. h6 Bf8 9. Nf3 Nb6 10. Bb3 a5 11. a4 Bd7 12. Ng5 d5 13. Ne2 Nc4 14. Bxc4 dxc4 15. Be5 e6 16. Nf4 Qe7 17. Qe2 b5 18. axb5 cxb5 19. Qf3 Rc8 20. Kf1 a4 21. Qg3 c3 22. bxc3 Rxc3 23. d5 Rxc2 24. d6 Qd8 25. Nxh7 Ng4 26. Nf6+ 1-0

[Event "Figueira da Foz Sabir Ali Cup"]
[Site "Figueira da Foz"]
[Date "2022.11.07"]
[Round "2"]
[White "Danielian, Elina"]
[Black "Agafonov, Yuri"]
[Result "1-0"]
[WhiteElo "2426"]
[BlackElo "2062"]
[PlyCount "67"]
[EventDate "2022.11.06"]
[EventType "swiss"]
[EventRounds "9"]
[EventCountry "POR"]
[SourceTitle "EXT 2024"]
[Source "ChessBase"]
[SourceDate "2023.10.10"]
[SourceVersion "1"]
[SourceVersionDate "2023.10.10"]
[SourceQuality "1"]

1. d4 Nf6 2. Bg5 c6 3. Bxf6 gxf6 4. e3 d5 5. c4 Rg8 6. cxd5 Qxd5 7. Nc3 Qa5 8. g3 Bg4 9. Qc2 e6 10. Bg2 Nd7 11. Nf3 Bb4 12. 0-0 Qh5 13. Nd2 Bh3 14. a3 Bxg2 15. Kxg2 Be7 16. a4 f5 17. Nc4 Rg6 18. Qd1 Qg5 19. Ne2 Nf6 20. Nf4 Rh6 21. Qf3 Ne4 22. Rac1 Rd8 23. Rh1 a6 24. Nd3 Kf8 25. Nc5 b5 26. Ne5 Bxc5 27. dxc5 Rc8 28. h4 Qd8 29. Qf4 Rf6 30. Rc2 Rg6 31. Nxg6+ fxg6 32. Qe5 Kf7 33. f3 Nf6 34. e4 1-0

[Event "San Cristobal de La Laguna op 4th"]
[Site "San Cristobal de La Laguna"]
[Date "2022.08.28"]
[Round "2"]
[White "Agafonov, Yuri"]
[Black "Gagunashvili, Merab"]
[Result "0-1"]
[WhiteElo "2057"]
[BlackElo "2552"]
[PlyCount "120"]
[EventDate "2022.08.27"]
[EventType "swiss"]
[EventRounds "9"]
[EventCountry "ESP"]
[SourceTitle "CBM 210 Extra"]
[Source "ChessBase"]
[SourceDate "2022.11.30"]
[SourceVersion "1"]
[SourceVersionDate "2022.11.30"]
[SourceQuality "1"]

1. d4 d5 2. Bg5 h6 3. Bf4 Nf6 4. e3 c5 5. c3 Nc6 6. Nd2 Qb6 7. Qb1 Nh5 8. Bg3 cxd4 9. exd4 Nxg3 10. hxg3 e5 11. Ngf3 e4 12. Nh2 Bf5 13. Be2 Bg6 14. Nb3 a5 15. Ng4 a4 16. Nc1 Bd6 17. Ne3 Ne7 18. 0-0 f5 19. a3 f4 20. gxf4 Bxf4 21. Bg4 0-0 22. Ne2 Bc7 23. Qe1 Qxb2 24. Qb1 Qxb1 25. Rfxb1 Rfb8 26. Rb5 Ra5 27. Rab1 Rxb5 28. Rxb5 Be8 29. Be6+ Kf8 30. Rb1 Bc6 31. c4 dxc4 32. d5 Be8 33. Nxc4 b5 34. d6 bxc4 35. Rxb8 Bxb8 36. d7 Bxd7 37. Bxd7 Ba7 38. Bxa4 e3 39. f3 Nf5 40. Kf1 Ke7 41. Bc2 Kf6 42. a4 Bb6 43. Bxf5 Kxf5 44. Nc3 Bd4 45. Ne2 Ke5 46. Ke1 Kd5 47. Kd1 Be5 48. g4 Kc5 49. Kc2 Kb4 50. f4 Bf6 51. Ng3 Bh4 52. Ne2 Kxa4 53. Nc3+ Ka5 54. Kd1 Bf6 55. Nd5 Bd4 56. Ke2 Ka4 57. Ne7 Kb3 58. Nf5 Bc5 59. Ng3 c3 60. Kd3 c2 0-1

[Event "Puhajarve Rapid op 21st"]
[Site "Puhajarve"]
[Date "2021.11.26"]
[Round "5"]
[White "Agafonov, Yuri"]
[Black "Kulaots, Kaido"]
[Result "0-1"]
[WhiteElo "2077"]
[BlackElo "2518"]
[PlyCount "132"]
[EventDate "2021.11.26"]
[EventType "tourn (rapid)"]
[EventRounds "37"]
[EventCountry "EST"]
[SourceTitle "CBM 205 Extra"]
[Source "ChessBase"]
[SourceDate "2022.01.31"]
[SourceVersion "1"]
[SourceVersionDate "2022.01.31"]
[SourceQuality "1"]

1. d4 Nf6 2. Nf3 g6 3. c4 Bg7 4. Nc3 d5 5. Bg5 Ne4 6. cxd5 Nxg5 7. Nxg5 e6 8. Nf3 exd5 9. e3 Qd6 10. Qb3 c6 11. Be2 0-0 12. 0-0 Nd7 13. e4 dxe4 14. Nxe4 Qf4 15. Nc5 Nxc5 16. dxc5 Be6 17. Qc2 Qb4 18. Rfb1 Bf5 19. Bd3 Bxd3 20. Qxd3 Qxc5 21. Qb3 Qb6 22. Qxb6 axb6 23. a4 Rfd8 24. Ra3 b5 25. axb5 Rxa3 26. bxa3 cxb5 27. Kf1 Rd5 28. Ke2 Bf8 29. Rb3 Kg7 30. Nd2 f5 31. h3 Kf6 32. Nb1 b4 33. axb4 Rd4 34. b5 Ke5 35. Nd2 Rb4 36. Re3+ Kf6 37. Re8 Kf7 38. Re5 Bd6 39. Rd5 Ke6 40. Rd3 Rxb5 41. Nc4 Be7 42. g4 fxg4 43. hxg4 Bc5 44. f4 Rb4 45. Rc3 Kd5 46. Ne3+ Kd4 47. Rc2 b6 48. f5 Rb3 49. Rd2+ Ke4 50. Nd5 Bd4 51. fxg6 hxg6 52. Nc7 Re3+ 53. Kd1 Rd3 54. Ne6 Rxd2+ 55. Kxd2 Bc5 56. Ke2 Ke5 57. Nc7 Kf4 58. g5 Kxg5 59. Kf3 Kf5 60. Nd5 b5 61. Nc3 b4 62. Ne4 b3 63. Nd2 b2 64. Kg3 Bb4 65. Nb1 Ke4 66. Kg4 Ke5 0-1

[Event "Riga Tech Rapid op"]
[Site "Riga"]
[Date "2021.08.08"]
[Round "8"]
[White "Roshka, Yevgeniy"]
[Black "Agafonov, Yuri"]
[Result "1-0"]
[WhiteElo "2476"]
[BlackElo "2103"]
[PlyCount "51"]
[EventDate "2021.08.08"]
[EventType "swiss (rapid)"]
[EventRounds "9"]
[EventCountry "LAT"]
[SourceTitle "CBM 203 Extra"]
[Source "ChessBase"]
[SourceDate "2021.09.30"]
[SourceVersion "1"]
[SourceVersionDate "2021.09.30"]
[SourceQuality "1"]

1. Nf3 g6 2. e4 Bg7 3. d4 c6 4. Nc3 b5 5. Bd3 a6 6. 0-0 d6 7. Re1 e5 8. d5 c5 9. a4 b4 10. Nb1 Nf6 11. Nbd2 0-0 12. Nc4 Nh5 13. a5 Ra7 14. c3 bxc3 15. bxc3 Nf4 16. Rb1 Nxd3 17. Qxd3 Qc7 18. Rb6 Rd8 19. Bd2 Rb7 20. Reb1 f6 21. Qc2 Rxb6 22. Rxb6 Bg4 23. Qb1 Bf8 24. Rb7 Qc8 25. Qb6 Bd7 26. Rc7 1-0

[Event "Keres Memorial rap 28th"]
[Site "Tallinn"]
[Date "2019.01.12"]
[Round "2"]
[White "Agafonov, Yuri"]
[Black "Guseinov, Gadir"]
[Result "0-1"]
[WhiteElo "2123"]
[BlackElo "2664"]
[PlyCount "56"]
[EventDate "2019.01.12"]
[EventType "swiss (rapid)"]
[EventRounds "11"]
[EventCountry "EST"]
[SourceTitle "CBM 188 Extra"]
[Source "ChessBase"]
[SourceDate "2019.02.26"]
[SourceVersion "1"]
[SourceVersionDate "2019.02.26"]
[SourceQuality "1"]

1. Nf3 g6 2. e4 c5 3. g3 Bg7 4. Bg2 Nc6 5. 0-0 d6 6. c3 Nf6 7. Re1 Bg4 8. h3 Bxf3 9. Qxf3 0-0 10. Na3 Nd7 11. d3 Rb8 12. Bd2 b5 13. Qe2 Nb6 14. Rab1 b4 15. Nc2 bxc3 16. Bxc3 Bxc3 17. bxc3 Na4 18. Rxb8 Qxb8 19. d4 Qb2 20. e5 Nxc3 21. Qd3 Nb4 22. Nxb4 cxb4 23. exd6 exd6 24. Qc4 a5 25. h4 Qxa2 26. Qc7 Qd2 27. Re3 a4 28. Qc4 a3 0-1